000 00960nas a2200337 4500
001 BR0805761
003 BR-BrBNA
005 20231205112433.0
007 ta
008 230509b bl.|||p| |||| 00| 00por d
040 _aBR-BrBNA
_bpor
_cBiblioteca Nacional de Agricultura
041 _a(Pt)
072 _aH60
100 1 _aConcenço, G.
100 1 _aMelo, P.T.B.S.
100 1 _aFerreira, E.A.
100 1 _aSilva, A.F.
100 1 _aAspiazu, I.
100 1 _aGalon, L.
100 1 _aFerreira, F.A.
100 1 _aSilva, A.A.
100 1 _aNoldin, J.A.
245 1 _aCompetitividade de biótipos de capim-arroz resistente e suscetível ao quinclorac
650 _aARROZ
650 _aCAPIM ARROZ
650 _aHERBICIDA
650 _aCOMPETIÇÃO DE VARIEDADE
773 0 _tPlanta Daninha (Brazil)
_xISSN 0100-8358
_g(Jan-Mar 2008), v. 26(1) p. 195-202
_wBR0805761
909 _a202311
_bLúcia
_c55
_dLúcia Elande
942 _2AGRIS
_n0
_cANA
999 _c198071
_d198071